| 000 | 00837 aa a2200229 4500 | ||
|---|---|---|---|
| 008 | 081020t xxu||||| |||| 00| 0 eng d | ||
| 010 | _aENG-84095 | ||
| 020 | _a8176298875 | ||
| 020 | _c850.00 (hb) | ||
| 035 | _aEN-67628 | ||
| 082 | _a305.42 | ||
| 245 |
_aRural women empowerment / _cedited by S B Verma, Shiw Kumar Jiloka and Jyoti Kushwah |
||
| 260 |
_aNew Delhi _bDeep and Deep Publications _eF-159, Rajouri Garden, New Delhi-110027 |
||
| 260 | _c2006 | ||
| 300 |
_axvi,400p _c22cm |
||
| 500 | _aIncludes index | ||
| 700 |
_aJiloka, Shiw Kumar _ced |
||
| 700 |
_aKushwah, Jyoti _ced |
||
| 700 |
_aVerma, S B _ced |
||
| 942 |
_2ddc _cEN _h305.42 _mRUR |
||
| 999 |
_c17062 _d17062 |
||